[Event "La Zubia op 13th"]
[Site "La Zubia"]
[Date "2024.12.08"]
[Round "7"]
[White "Muzika, Paul"]
[Black "Matute Escobar, Roxanny"]
[Result "0-1"]
[WhiteElo "2109"]
[BlackElo "1943"]
[PlyCount "60"]
[EventDate "2024.12.05"]
[EventType "swiss"]
[EventRounds "7"]
[EventCountry "ESP"]
[SourceTitle "CB04_2025"]
[SourceDate "2025.01.22"]
[SourceVersion "1"]
[SourceVersionDate "2025.01.22"]
[SourceQuality "1"]

1. e4 g6 2. d4 Bg7 3. Nf3 d6 4. Bc4 Nf6 5. Qe2 0-0 6. 0-0 c6 7. e5 dxe5 8. dxe5 Nd5 9. h3 h6 10. Bb3 Qc7 11. c4 Nb4 12. a3 N4a6 13. Bc2 Nc5 14. Bf4 Nbd7 15. Nc3 a5 16. Rfe1 Ne6 17. Bg3 Ndc5 18. Rad1 a4 19. Bb1 b6 20. Nh4 Ba6 21. f4 Rad8 22. f5 Ng5 23. fxg6 fxg6 24. Nxg6 Rxd1 25. Rxd1 Rd8 26. Rf1 Qd7 27. Kh2 Qe6 28. Rf4 Nb3 29. h4 Rd2 30. Qe3 Qh3+ 0-1

[Event "La Zubia op 13th"]
[Site "La Zubia"]
[Date "2024.12.06"]
[Round "3"]
[White "Alvarez Fernandez, Carlos Rene"]
[Black "Matute Escobar, Roxanny"]
[Result "1-0"]
[WhiteElo "2304"]
[BlackElo "1943"]
[PlyCount "77"]
[EventDate "2024.12.05"]
[EventType "swiss"]
[EventRounds "7"]
[EventCountry "ESP"]
[SourceTitle "CB04_2025"]
[SourceDate "2025.01.22"]
[SourceVersion "1"]
[SourceVersionDate "2025.01.22"]
[SourceQuality "1"]

1. d4 Nf6 2. c4 g6 3. Nc3 Bg7 4. e4 d6 5. f3 0-0 6. Bg5 c5 7. d5 e6 8. Nge2 exd5 9. cxd5 Re8 10. Ng3 Na6 11. Be2 Rb8 12. 0-0 Bd7 13. Bf4 Qb6 14. Qd2 Nc7 15. Rfc1 h5 16. Nf1 c4+ 17. Kh1 Qa6 18. a4 h4 19. b4 Nh5 20. b5 Qa5 21. Bxd6 Rbc8 22. Ne3 Bh6 23. Qd4 Qb6 24. Bc5 Qf6 25. Bxa7 Qg5 26. Nxc4 Nf4 27. Qf2 Ra8 28. Be3 Qh5 29. Nb6 Rad8 30. Nxd7 Rxd7 31. Bf1 Qe5 32. b6 Na6 33. Bb5 Rde7 34. Bxe8 Rxe8 35. Qxh4 Bg5 36. Qg4 Nb4 37. g3 Nh3 38. f4 Nd3 39. Qxh3 1-0

[Event "San Cristobal de La Laguna op-A 6th"]
[Site "San Cristobal de La Laguna"]
[Date "2024.08.31"]
[Round "9"]
[White "Abreu Suarez, Isauro"]
[Black "Matute Escobar, Roxanny"]
[Result "1-0"]
[WhiteElo "1996"]
[BlackElo "1955"]
[PlyCount "53"]
[EventDate "2024.08.24"]
[EventType "swiss"]
[EventRounds "9"]
[EventCountry "ESP"]
[SourceTitle "CBM 221 Extra"]
[Source "ChessBase"]
[SourceDate "2024.09.30"]
[SourceVersion "1"]
[SourceVersionDate "2024.09.30"]
[SourceQuality "1"]

1. b3 e5 2. Bb2 Nc6 3. e3 d5 4. Bb5 Bd6 5. c4 Nf6 6. Nf3 Qe7 7. c5 Bxc5 8. Nxe5 0-0 9. Bxc6 bxc6 10. b4 Bd6 11. Nxc6 Qe4 12. Qf3 Qc4 13. Bxf6 Bg4 14. Na3 Bxf3 15. Nxc4 dxc4 16. gxf3 gxf6 17. Rc1 Rfe8 18. Rxc4 f5 19. f4 f6 20. Ke2 Kf7 21. Kf3 Rg8 22. h4 h5 23. a4 Rg4 24. Nd4 a5 25. Nxf5 Bxb4 26. Nh6+ Ke6 27. Nxg4 1-0

[Event "San Cristobal de La Laguna op-A 6th"]
[Site "San Cristobal de La Laguna"]
[Date "2024.08.28"]
[Round "6"]
[White "Matute Escobar, Roxanny"]
[Black "Medal Paves, Jose Maria"]
[Result "1/2-1/2"]
[WhiteElo "1955"]
[BlackElo "1992"]
[PlyCount "67"]
[EventDate "2024.08.24"]
[EventType "swiss"]
[EventRounds "9"]
[EventCountry "ESP"]
[SourceTitle "CBM 221 Extra"]
[Source "ChessBase"]
[SourceDate "2024.09.30"]
[SourceVersion "1"]
[SourceVersionDate "2024.09.30"]
[SourceQuality "1"]

1. e4 e5 2. Bc4 Nf6 3. d3 Bc5 4. Nf3 d6 5. c3 0-0 6. a4 a5 7. Nbd2 Ba7 8. 0-0 Nc6 9. Bb3 Ne7 10. Nc4 c6 11. h3 Ng6 12. Re1 Re8 13. Bc2 h6 14. d4 d5 15. dxe5 Nxe4 16. Bxe4 dxe4 17. Qxd8 Rxd8 18. Rxe4 Rd1+ 19. Re1 Rxe1+ 20. Nxe1 Be6 21. Nxa5 Bxf2+ 22. Kxf2 Rxa5 23. Nf3 b5 24. Be3 bxa4 25. b4 Ra8 26. Bc5 Nf4 27. Bd6 Nd5 28. Ra3 Nb6 29. Nd2 Nc4 30. Nxc4 Bxc4 31. Ke3 Bf1 32. Kf2 Bc4 33. Ke3 Bf1 34. Kf2 1/2-1/2

[Event "San Cristobal de La Laguna op-A 6th"]
[Site "San Cristobal de La Laguna"]
[Date "2024.08.27"]
[Round "5"]
[White "Perez Perez, Alejandro"]
[Black "Matute Escobar, Roxanny"]
[Result "1-0"]
[WhiteElo "2021"]
[BlackElo "1955"]
[PlyCount "97"]
[EventDate "2024.08.24"]
[EventType "swiss"]
[EventRounds "9"]
[EventCountry "ESP"]
[SourceTitle "CBM 221 Extra"]
[Source "ChessBase"]
[SourceDate "2024.09.30"]
[SourceVersion "1"]
[SourceVersionDate "2024.09.30"]
[SourceQuality "1"]

1. e4 c5 2. Nf3 d6 3. d4 cxd4 4. Nxd4 Nf6 5. Nc3 g6 6. Be3 Bg7 7. f3 0-0 8. Qd2 Nc6 9. g4 Be6 10. Nxe6 fxe6 11. 0-0-0 Ne5 12. Be2 Rc8 13. Nb5 Nc4 14. Bxc4 Rxc4 15. Qd3 Qc8 16. b3 Rc5 17. Bxc5 Qxc5 18. Kb1 d5 19. Nd4 dxe4 20. Qc4 Qxc4 21. bxc4 exf3 22. Nxe6 Rc8 23. Nxg7 Kxg7 24. Rhf1 Rxc4 25. Rxf3 Rxg4 26. Rb3 b6 27. Ra3 a5 28. Rb3 Ne4 29. Rd7 b5 30. Rf3 Kg8 31. Kb2 b4 32. Rxe7 Nd2 33. Rd3 Nc4+ 34. Kc1 Kf8 35. Rxh7 Ke8 36. c3 Rg2 37. cxb4 axb4 38. Rc7 Rg1+ 39. Kc2 Rg2+ 40. Kb3 Rb2+ 41. Kxc4 Rc2+ 42. Kxb4 Rxc7 43. a4 Rc2 44. h3 Rc7 45. a5 Rd7 46. Rxd7 Kxd7 47. Kc5 Kc7 48. Kd5 Kb7 49. Ke6 1-0

[Event "San Cristobal de La Laguna op-A 6th"]
[Site "San Cristobal de La Laguna"]
[Date "2024.08.25"]
[Round "2"]
[White "Fernandez Vazquez, Jorge"]
[Black "Matute Escobar, Roxanny"]
[Result "1/2-1/2"]
[WhiteElo "2023"]
[BlackElo "1955"]
[PlyCount "84"]
[EventDate "2024.08.24"]
[EventType "swiss"]
[EventRounds "9"]
[EventCountry "ESP"]
[SourceTitle "CBM 221 Extra"]
[Source "ChessBase"]
[SourceDate "2024.09.30"]
[SourceVersion "1"]
[SourceVersionDate "2024.09.30"]
[SourceQuality "1"]

1. c4 Nf6 2. g3 g6 3. Bg2 Bg7 4. Nc3 0-0 5. d4 d6 6. h3 Nc6 7. Nf3 a6 8. e4 Rb8 9. 0-0 b5 10. d5 Na5 11. cxb5 axb5 12. b4 Nc4 13. Nd4 Bd7 14. Re1 e6 15. Bf1 exd5 16. exd5 Qc8 17. Bg5 Re8 18. Rc1 Rxe1 19. Qxe1 Qb7 20. Ncxb5 Bxb5 21. Nxb5 Ne5 22. Qd1 Qxd5 23. Qxd5 Nxd5 24. Kg2 c6 25. Nxd6 Rxb4 26. Nc4 Nxc4 27. Bxc4 h6 28. Be3 Nxe3+ 29. fxe3 Be5 30. Bb3 Rb6 31. Rc5 Bd6 32. Ra5 Rb5 33. Ra6 Rc5 34. Ba4 Rc3 35. Bxc6 Rxe3 36. Bf3 Bc5 37. a4 Kg7 38. Rc6 Rc3 39. Bd5 f5 40. a5 Bb4 41. a6 Rxc6 42. Bxc6 Bc5 1/2-1/2

[Event "Adeje Arona op"]
[Site "Adeje"]
[Date "2024.06.22"]
[Round "1"]
[White "Bilguun, Sumiya"]
[Black "Matute Escobar, Roxanny"]
[Result "1-0"]
[WhiteElo "2466"]
[BlackElo "1969"]
[PlyCount "91"]
[EventDate "2024.06.22"]
[EventType "swiss"]
[EventRounds "10"]
[EventCountry "ESP"]
[SourceTitle "CBM 220 Extra"]
[Source "ChessBase"]
[SourceDate "2024.07.31"]
[SourceVersion "1"]
[SourceVersionDate "2024.07.31"]
[SourceQuality "1"]

1. e4 c5 2. Nc3 Nc6 3. Bb5 g6 4. Bxc6 dxc6 5. d3 Bg7 6. Nge2 Nf6 7. 0-0 0-0 8. f4 b5 9. Ng3 h5 10. h3 h4 11. Nh1 e5 12. Be3 exf4 13. Bxc5 Re8 14. Rxf4 Nh5 15. Rf3 Bd4+ 16. Bxd4 Qxd4+ 17. Nf2 Be6 18. Qc1 Kg7 19. Ne2 Qd8 20. b3 c5 21. Qb2+ Kg8 22. Rf1 Qg5 23. Qc1 Qxc1 24. Rxc1 b4 25. a4 bxa3 26. Ra1 a5 27. Nc3 a4 28. Nxa4 c4 29. dxc4 Ng3 30. Rxa3 f5 31. Ra1 fxe4 32. Re3 Bd7 33. Rae1 Bc6 34. Ng4 Kg7 35. Nc3 Nf5 36. R3e2 Ng3 37. Rd2 Re7 38. Ne3 Rf8 39. b4 Nf5 40. b5 Be8 41. c5 Nxe3 42. Rxe3 Re5 43. c6 Rc5 44. Rd4 Bf7 45. Rdxe4 Bc4 46. Re5 1-0

[Event "Titled Tuesday intern op 26th Mar Late"]
[Site "Chess.com INT"]
[Date "2024.03.26"]
[Round "8"]
[White "Matute Escobar, Roxanny"]
[Black "Ho, In Hei Henry"]
[Result "0-1"]
[WhiteElo "1948"]
[BlackElo "1779"]
[PlyCount "56"]
[EventDate "2024.03.26"]
[EventType "swiss (blitz)"]
[EventRounds "11"]
[EventCountry "USA"]
[SourceTitle "EXT 2025"]
[Source "ChessBase"]
[SourceDate "2024.10.14"]
[SourceVersion "1"]
[SourceVersionDate "2024.10.14"]
[SourceQuality "1"]

1. e4 e6 2. d4 d5 3. e5 c5 4. c3 Qb6 5. Nf3 Nc6 6. Bd3 Bd7 7. 0-0 cxd4 8. cxd4 Nxd4 9. Nxd4 Qxd4 10. Nc3 Qb6 11. Qg4 Ne7 12. Be3 Qd8 13. Rac1 a6 14. Na4 Nf5 15. Nb6 Nxe3 16. Qd4 Nxf1 17. Bxf1 Rb8 18. b4 Be7 19. a4 0-0 20. a5 Bc6 21. f4 Qe8 22. Bd3 Bd8 23. f5 Bxb6 24. axb6 exf5 25. Bxf5 g6 26. Bd3 Bb5 27. Bb1 Rc8 28. Rf1 Bxf1 0-1

[Event "Titled Tuesday intern op 26th Mar Late"]
[Site "Chess.com INT"]
[Date "2024.03.26"]
[Round "7"]
[White "Matute Escobar, Roxanny"]
[Black "Jordan, Christian"]
[Result "1-0"]
[WhiteElo "1948"]
[BlackElo "2146"]
[PlyCount "61"]
[EventDate "2024.03.26"]
[EventType "swiss (blitz)"]
[EventRounds "11"]
[EventCountry "USA"]
[SourceTitle "EXT 2025"]
[Source "ChessBase"]
[SourceDate "2024.10.14"]
[SourceVersion "1"]
[SourceVersionDate "2024.10.14"]
[SourceQuality "1"]

1. e4 e6 2. d4 d5 3. e5 c5 4. c3 Qb6 5. Nf3 Bd7 6. Nbd2 cxd4 7. cxd4 Bb5 8. Bxb5+ Qxb5 9. Qe2 Qd7 10. 0-0 Nc6 11. a3 Nge7 12. b4 Nf5 13. Qd3 Be7 14. Nb3 0-0 15. Nc5 Bxc5 16. dxc5 Rac8 17. Bd2 Nb8 18. Rac1 b6 19. cxb6 axb6 20. Nd4 Nxd4 21. Qxd4 Qb5 22. h3 Nd7 23. f4 Qa4 24. Qd3 b5 25. Be3 Rc4 26. Bd4 Rfc8 27. Rxc4 Rxc4 28. f5 Qc2 29. Qe3 exf5 30. e6 Nf8 31. e7 1-0

[Event "Titled Tuesday intern op 26th Mar Late"]
[Site "Chess.com INT"]
[Date "2024.03.26"]
[Round "6"]
[White "Prado, Alexandra"]
[Black "Matute Escobar, Roxanny"]
[Result "1-0"]
[WhiteElo "1877"]
[BlackElo "1948"]
[PlyCount "41"]
[EventDate "2024.03.26"]
[EventType "swiss (blitz)"]
[EventRounds "11"]
[EventCountry "USA"]
[SourceTitle "EXT 2025"]
[Source "ChessBase"]
[SourceDate "2024.10.14"]
[SourceVersion "1"]
[SourceVersionDate "2024.10.14"]
[SourceQuality "1"]

1. e4 c5 2. Nc3 Nc6 3. g3 g6 4. Bg2 Bg7 5. d3 e6 6. Be3 Nge7 7. Qd2 d6 8. Nf3 0-0 9. Bh6 Rb8 10. h4 d5 11. h5 dxe4 12. Nxe4 Nf5 13. Bxg7 Kxg7 14. hxg6 hxg6 15. g4 Rh8 16. Rxh8 Qxh8 17. gxf5 exf5 18. Qc3+ Kg8 19. Nf6+ Kf8 20. Qxc5+ Ne7 21. Nd5 1-0

[Event "Titled Tuesday intern op 16th Jan Late"]
[Site "Chess.com INT"]
[Date "2024.01.16"]
[Round "3"]
[White "Khakhinov, Ilya"]
[Black "Matute Escobar, Roxanny"]
[Result "0-1"]
[WhiteElo "2236"]
[BlackElo "1916"]
[PlyCount "80"]
[EventDate "2024.01.16"]
[EventType "swiss (blitz)"]
[EventRounds "11"]
[EventCountry "USA"]
[SourceTitle "CBM 218 Extra"]
[Source "ChessBase"]
[SourceDate "2024.03.31"]
[SourceVersion "1"]
[SourceVersionDate "2024.03.31"]
[SourceQuality "1"]

1. e4 c5 2. Nf3 d6 3. d4 cxd4 4. Qxd4 Nc6 5. Bb5 a6 6. Bxc6+ bxc6 7. c4 Nf6 8. Nc3 g6 9. e5 c5 10. Qe3 Ng4 11. Qe2 Bg7 12. exd6 Qxd6 13. h3 Nf6 14. 0-0 0-0 15. Rd1 Qc7 16. Bg5 Bb7 17. Rd3 h6 18. Bh4 Rad8 19. Rad1 Rxd3 20. Qxd3 e5 21. Bg3 Re8 22. b3 Nh5 23. Bh2 Qe7 24. Nd5 Bxd5 25. Qxd5 e4 26. Re1 Nf6 27. Qd6 Qxd6 28. Bxd6 exf3 29. Rxe8+ Nxe8 30. Bxc5 fxg2 31. Kxg2 Bc3 32. Kf3 a5 33. Ke4 Kg7 34. Kd5 Kf6 35. Kc6 Ke5 36. Kb5 Nd6+ 37. Bxd6+ Kxd6 38. c5+ Kc7 39. Kc4 Bb4 40. f3 Kc6 0-1

[Event "La Zubia op"]
[Site "La Zubia"]
[Date "2023.12.07"]
[Round "2"]
[White "Serrano Almendros, Angel"]
[Black "Matute Escobar, Roxanny"]
[Result "1-0"]
[WhiteElo "2213"]
[BlackElo "1896"]
[PlyCount "83"]
[EventDate "2023.12.07"]
[EventType "swiss"]
[EventRounds "7"]
[EventCountry "ESP"]
[SourceTitle "CBM 217 Extra"]
[Source "ChessBase"]
[SourceDate "2024.01.31"]
[SourceVersion "1"]
[SourceVersionDate "2024.01.31"]
[SourceQuality "1"]

1. e4 c5 2. Nf3 d6 3. d4 cxd4 4. Nxd4 Nf6 5. Nc3 g6 6. f3 Bg7 7. Be3 0-0 8. Qd2 Nc6 9. 0-0-0 Bd7 10. g4 Ne5 11. Be2 Rc8 12. Kb1 Nc4 13. Bxc4 Rxc4 14. h4 h5 15. gxh5 Nxh5 16. Rhg1 b5 17. Rg5 Kh7 18. Nde2 Qa5 19. Rdg1 Bf6 20. Qd5 Ng7 21. Qxc4 Bxg5 22. Rxg5 f6 23. Rd5 e6 24. Rxb5 Bxb5 25. Qxb5 Qxb5 26. Nxb5 d5 27. Nxa7 dxe4 28. fxe4 f5 29. exf5 Nxf5 30. Bg5 Nd6 31. a4 e5 32. Nc6 Rf2 33. Nc1 e4 34. a5 Nc4 35. a6 Rf8 36. a7 Nb6 37. b4 Rf3 38. Bd8 Na8 39. b5 e3 40. b6 Rf5 41. Nd4 Rf8 42. b7 1-0

[Event "Wch U18 Girls"]
[Site "Montesilvano"]
[Date "2023.11.13"]
[Round "1"]
[White "Sele, Timea"]
[Black "Matute Escobar, Roxanny"]
[Result "0-1"]
[WhiteElo "1456"]
[BlackElo "1995"]
[PlyCount "80"]
[EventDate "2023.11.13"]
[EventType "swiss"]
[EventRounds "11"]
[EventCountry "ITA"]
[SourceTitle "CBM 217 Extra"]
[Source "ChessBase"]
[SourceDate "2024.01.31"]
[SourceVersion "1"]
[SourceVersionDate "2024.01.31"]
[SourceQuality "1"]

1. d4 Nf6 2. c4 g6 3. Nc3 Bg7 4. e4 d6 5. h3 0-0 6. Be3 e5 7. d5 a5 8. Bd3 Na6 9. Nge2 Nd7 10. g4 Ndc5 11. Bc2 Nb4 12. Bb1 a4 13. Ng3 a3 14. b3 c6 15. 0-0 cxd5 16. cxd5 Qh4 17. Kg2 b6 18. Nb5 h5 19. Rh1 hxg4 20. hxg4 Qe7 21. Qd2 Nca6 22. Bh6 f6 23. Bd3 Nxd3 24. Qxd3 Bxg4 25. Qe3 f5 26. exf5 gxf5 27. Bxg7 Qxg7 28. Qh6 e4 29. Qxg7+ Kxg7 30. Nd4 Kf6 31. Rh6+ Ke5 32. Nb5 Bf3+ 33. Kg1 Rh8 34. Re6+ Kxd5 35. Rxd6+ Kc5 36. Rf6 Kxb5 37. Rxf5+ Kb4 38. Rc1 Rac8 39. Re1 Rcg8 40. Re3 Rh1# 0-1

[Event "Titled Tuesday intern op 26th Sep Late"]
[Site "Chess.com INT"]
[Date "2023.09.26"]
[Round "4"]
[White "Gutierrez Olivares, Daniel"]
[Black "Matute Escobar, Roxanny"]
[Result "1-0"]
[WhiteElo "2354"]
[BlackElo "1975"]
[PlyCount "45"]
[EventDate "2023.09.26"]
[EventType "swiss (blitz)"]
[EventRounds "11"]
[EventCountry "USA"]
[SourceTitle "EXT 2024"]
[Source "ChessBase"]
[SourceDate "2023.10.10"]
[SourceVersion "1"]
[SourceVersionDate "2023.10.10"]
[SourceQuality "1"]

1. Nf3 Nf6 2. d3 g6 3. Nbd2 Bg7 4. e4 d5 5. Be2 0-0 6. 0-0 c5 7. c3 Nc6 8. Qc2 d4 9. a4 e5 10. Nc4 Nh5 11. g3 Bh3 12. Re1 b6 13. Qb3 Qe7 14. a5 bxa5 15. Qb5 Bd7 16. Qa6 f5 17. exf5 Rxf5 18. g4 Rxf3 19. Bxf3 Nf6 20. Bxc6 Bxc6 21. Qxc6 Rf8 22. Rxe5 Qf7 23. Nd6 1-0

[Event "Titled Tuesday intern op 29th Aug Late"]
[Site "Chess.com INT"]
[Date "2023.08.29"]
[Round "1"]
[White "Golubev, Mikhail"]
[Black "Matute Escobar, Roxanny"]
[Result "1-0"]
[WhiteElo "2461"]
[BlackElo "1975"]
[PlyCount "59"]
[EventDate "2023.08.29"]
[EventType "swiss (blitz)"]
[EventRounds "11"]
[EventCountry "USA"]
[SourceTitle "EXT 2024"]
[Source "ChessBase"]
[SourceDate "2023.10.10"]
[SourceVersion "1"]
[SourceVersionDate "2023.10.10"]
[SourceQuality "1"]

1. e4 c5 2. Nf3 d6 3. d4 cxd4 4. Nxd4 Nf6 5. Nc3 g6 6. Be3 Bg7 7. f3 0-0 8. Qd2 Nc6 9. 0-0-0 Bd7 10. g4 Ne5 11. Be2 Rc8 12. h4 h5 13. gxh5 Nxh5 14. Rhg1 Kh7 15. f4 Nc4 16. Bxc4 Rxc4 17. f5 Qa5 18. Rg5 b5 19. Rdg1 Rxc3 20. bxc3 Qxa2 21. Qg2 Qa3+ 22. Kd2 b4 23. fxg6+ fxg6 24. Rxh5+ Kg8 25. Qxg6 Qxc3+ 26. Ke2 Qc4+ 27. Ke1 Qc3+ 28. Kd1 Rf1+ 29. Rxf1 Qxe3 30. Qh7# 1-0

[Event "Titled Tuesday intern op 22nd Aug Late"]
[Site "Chess.com INT"]
[Date "2023.08.22"]
[Round "2"]
[White "Matute Escobar, Roxanny"]
[Black "Toropov, Pavel"]
[Result "0-1"]
[WhiteElo "1975"]
[BlackElo "2336"]
[PlyCount "70"]
[EventDate "2023.08.22"]
[EventType "swiss (blitz)"]
[EventRounds "11"]
[EventCountry "USA"]
[SourceTitle "EXT 2024"]
[Source "ChessBase"]
[SourceDate "2023.10.10"]
[SourceVersion "1"]
[SourceVersionDate "2023.10.10"]
[SourceQuality "1"]

1. e4 e6 2. d4 d5 3. e5 c5 4. c3 Qb6 5. Nf3 Nc6 6. a3 Bd7 7. Be2 Rc8 8. 0-0 Nge7 9. dxc5 Qxc5 10. Be3 Qa5 11. b4 Qc7 12. Qd2 Ng6 13. a4 Ngxe5 14. Nxe5 Nxe5 15. Bd4 Bd6 16. g3 0-0 17. Qg5 Ng6 18. Bd3 e5 19. Be3 Be6 20. Na3 a6 21. Qh5 Qxc3 22. Qe2 Qxb4 23. Rfb1 Qg4 24. Qxg4 Bxg4 25. Kg2 e4 26. Bf1 Bf3+ 27. Kg1 Be5 28. Ra2 d4 29. Bd2 d3 30. Rc1 Rxc1 31. Bxc1 Rc8 32. Be3 Ne7 33. h4 Nd5 34. Bg2 Nc3 35. Rb2 Ne2+ 0-1

[Event "Titled Tuesday intern op 23rd May Late"]
[Site "Chess.com INT"]
[Date "2023.05.23"]
[Round "7"]
[White "Denishev, Marat"]
[Black "Matute Escobar, Roxanny"]
[Result "1-0"]
[WhiteElo "2255"]
[BlackElo "1950"]
[PlyCount "77"]
[EventDate "2023.05.23"]
[EventType "swiss (blitz)"]
[EventRounds "11"]
[EventCountry "USA"]
[SourceTitle "EXT 2024"]
[Source "ChessBase"]
[SourceDate "2023.10.10"]
[SourceVersion "1"]
[SourceVersionDate "2023.10.10"]
[SourceQuality "1"]

1. e4 c5 2. Nf3 d6 3. d4 cxd4 4. Qxd4 Nc6 5. Bb5 a6 6. Bxc6+ bxc6 7. 0-0 Nf6 8. c4 g6 9. Nc3 Bg7 10. Qd3 0-0 11. h3 Rb8 12. Rb1 a5 13. Bf4 Ba6 14. Rfd1 Nd7 15. b3 Nc5 16. Qe3 a4 17. b4 Ne6 18. b5 cxb5 19. Nxb5 Nxf4 20. Qxf4 Qa5 21. Nfd4 e5 22. Nc6 exf4 23. Nxa5 Bxb5 24. cxb5 Be5 25. Nc6 Rbe8 26. b6 f5 27. exf5 d5 28. Rxd5 Bb8 29. fxg6 hxg6 30. Rd7 Rf7 31. Rxf7 Kxf7 32. Nxb8 Rxb8 33. b7 g5 34. Kf1 Ke6 35. Ke2 Kd5 36. Kf3 Kc6 37. Kg4 Rxb7 38. Rxb7 Kxb7 39. Kxg5 1-0

[Event "Titled Tuesday intern op 23rd May Late"]
[Site "Chess.com INT"]
[Date "2023.05.23"]
[Round "8"]
[White "Schuster, Karsten"]
[Black "Matute Escobar, Roxanny"]
[Result "0-1"]
[WhiteElo "2309"]
[BlackElo "1950"]
[PlyCount "42"]
[EventDate "2023.05.23"]
[EventType "swiss (blitz)"]
[EventRounds "11"]
[EventCountry "USA"]
[SourceTitle "EXT 2024"]
[Source "ChessBase"]
[SourceDate "2023.10.10"]
[SourceVersion "1"]
[SourceVersionDate "2023.10.10"]
[SourceQuality "1"]

1. Nf3 Nf6 2. b3 g6 3. Bb2 Bg7 4. e3 0-0 5. Be2 c5 6. 0-0 Nc6 7. c4 d5 8. cxd5 Qxd5 9. Nc3 Qd8 10. Qc1 Bf5 11. Rd1 Bd3 12. Ne1 Nb4 13. Nxd3 Nxd3 14. Bxd3 Qxd3 15. Na4 b6 16. Qc3 Rad8 17. h3 Qf5 18. d3 Rc8 19. Qc2 b5 20. Nc3 c4 21. dxc4 Qxc2 0-1

[Event "Titled Tuesday intern op 23rd May Late"]
[Site "Chess.com INT"]
[Date "2023.05.23"]
[Round "5"]
[White "Vovk, Orest"]
[Black "Matute Escobar, Roxanny"]
[Result "0-1"]
[WhiteElo "2315"]
[BlackElo "1950"]
[PlyCount "66"]
[EventDate "2023.05.23"]
[EventType "swiss (blitz)"]
[EventRounds "11"]
[EventCountry "USA"]
[SourceTitle "EXT 2024"]
[Source "ChessBase"]
[SourceDate "2023.10.10"]
[SourceVersion "1"]
[SourceVersionDate "2023.10.10"]
[SourceQuality "1"]

1. h4 Nf6 2. h5 d5 3. c4 e5 4. cxd5 Nxd5 5. Nc3 Be6 6. d3 Nc6 7. Nf3 Bc5 8. h6 g6 9. Ng5 Qf6 10. Nce4 Bb4+ 11. Bd2 Qe7 12. Nxe6 Qxe6 13. a3 Bxd2+ 14. Qxd2 0-0-0 15. g3 Nd4 16. Qa5 Kb8 17. Qa4 f5 18. Nc3 Qb6 19. Nd1 e4 20. dxe4 fxe4 21. Bg2 Rhe8 22. e3 Nb3 23. Rb1 Nc5 24. Qc2 Nd3+ 25. Kf1 Nf6 26. Kg1 Rf8 27. Nc3 Ng4 28. Nxe4 Ndxf2 29. Re1 Nd3 30. Rd1 Qxe3+ 31. Nf2 Rxf2 32. Rxd3 Rxc2+ 33. Rxe3 Rc1+ 0-1